| 000 | 01288nam a2200349 a 4500 | ||
|---|---|---|---|
| 001 | 000113465 | ||
| 003 | CHAP | ||
| 005 | 20220329144355.0 | ||
| 008 | 170628s2016 mx a fsm |||||||spa d | ||
| 010 | _a109926 | ||
| 011 | _a110898 | ||
| 040 | _cCHAP | ||
| 090 | _aTesis | ||
| 100 | 1 |
_aCamacho Santos, María Victoria _9132774 |
|
| 245 | 1 | 0 |
_aContribución al conocimiento y aprovechamiento de Dahlia pugana, especie endémica del estado de Jalisco / _h[En línea] _cpor María Victoria Camacho Santos y Carolina Muñoz Guillen. |
| 260 |
_aChapingo, Méx. : _bEl autor, _c2016. |
||
| 500 | _aPara ver el contenido del material haga clic en la liga | ||
| 502 | _aTesis (Ing. Agr. Esp. en Fitotecnia) -- UACH. Departamento de Fitotecnia | ||
| 590 |
_aBATCH _b00 _c20181121 _lUCH01 _h0759 |
||
| 590 |
_aE6096MTM _b05 _c20170628 _lUCH01 _h1452 |
||
| 590 |
_aE6096MTM _b05 _c20170628 _lUCH01 _h1453 |
||
| 650 | 1 | 4 |
_aDalia _xFisiología y morfología. _930946 |
| 650 | 1 | 4 |
_aDalia _xFloración. _9130471 |
| 650 | 1 | 4 |
_aDalia _xPropagación. _930950 |
| 650 | 1 | 4 |
_aEnraizamiento. _937013 |
| 700 | 1 |
_aMuñoz Guillen, Carolina _9132775 |
|
| 856 |
_a1 _n0001179 |
||
| 856 |
_aFinding aid _uhttp://10.13.5.2/tesis/sist113465.pdf _zTeclea aquí |
||
| 901 | _aBK | ||
| 942 | _cTESIS | ||
| 942 | _n0 | ||
| 999 |
_c109926 _d109926 |
||